Analýza a tvorba dynamických stránok s použitím frameworkov

Salvato in:
Dettagli Bibliografici
Autore principale: Masár, Filip (Autore)
Altri autori: Nemlaha, Eduard (Relatore della tesi)
Natura: Manoscritto Libro
Lingua:slovacco
Pubblicazione: 2015
Soggetti:
Accesso online:http://is.stuba.sk/zp/portal_zp.pl?podrobnosti=96162
Tags: Aggiungi Tag
Nessun Tag, puoi essere il primo ad aggiungerne!!

MARC

LEADER 00000ntm a22000003a 4500
001 stuzp51122
003 SK-STU
005 20160719153747.3
007 ta
008 150427s2015----xo-----f-mn---000-0-slo-d
040 |a STU  |b slo 
041 0 |a slo 
100 1 |a Masár, Filip  |u 066000  |4 aut  |U MTF Materiálovotechnologická fakulta  |T MTF Ústav aplikovanej informatiky, automatizácie a mechatroniky  |X 46811  |U M6000  |Y 86  |7 46811 
242 0 1 |a Analysis and creation of dynamic sites with using frameworks  |y eng 
245 1 0 |a Analýza a tvorba dynamických stránok s použitím frameworkov 
260 |c 2015 
650 4 |a porovnanie  |2 slo 
650 4 |a Zend  |2 slo 
650 4 |a framework  |2 slo 
650 4 |a PHP  |2 slo 
650 4 |a Nette  |2 slo 
650 4 |a Laravel  |2 slo 
650 4 |a framework  |2 eng 
650 4 |a PHP  |2 eng 
650 4 |a comparison  |2 eng 
650 4 |a Zend  |2 eng 
650 4 |a Nette  |2 eng 
650 4 |a Laravel  |2 eng 
700 1 |a Nemlaha, Eduard  |4 ths  |X 2759  |7 A000002759 
856 4 |u http://is.stuba.sk/zp/portal_zp.pl?podrobnosti=96162 
996 |c M* BP-7104  |l MMSKP  |s P  |a 0  |w stuzp51122_0001 
SQL |a stuzp51122  |b DBP  |c SLO  |d Analýza a tvorba dynamických stránok s použitím frameworkov  |e 46811  |f Masár, Filip  |g 066000  |h 2759  |i Nemlaha, Eduard  |j 20150624  |k 168  |l 06  |m http://is.stuba.sk/zp/portal_zp.pl?podrobnosti=96162  |n B-AIA  |o 5.2.14. automatizácia, 9.2.9. aplikovaná informatika